Marketing for hospitality and tourism / (Record no. 1840)

000 -LEADER
fixed length control field 01074cam a22003254a 4500
003 - CONTROL NUMBER IDENTIFIER
control field OSt
005 - DATE AND TIME OF LATEST TRANSACTION
control field 20210630102019.0
008 - FIXED-LENGTH DATA ELEMENTS--GENERAL INFORMATION
fixed length control field 020226s2002 njua b 001 0 eng
020 ## - INTERNATIONAL STANDARD BOOK NUMBER
International Standard Book Number 0130996114
040 ## - CATALOGING SOURCE
Transcribing agency DLC
042 ## - AUTHENTICATION CODE
Authentication code pcc
050 00 - LIBRARY OF CONGRESS CALL NUMBER
Classification number TX911.3
Item number .M3 K68 2003
100 1# - MAIN ENTRY--PERSONAL NAME
Personal name Kotler, Philip.
245 10 - TITLE STATEMENT
Title Marketing for hospitality and tourism /
Statement of responsibility, etc. Philip Kotler, John Bowen, James Makens.
250 ## - EDITION STATEMENT
Edition statement 3rd ed.
260 ## - PUBLICATION, DISTRIBUTION, ETC.
Place of publication, distribution, etc. Upper Saddle River, NJ :
Name of publisher, distributor, etc. Prentice Hall,
Date of publication, distribution, etc. c2003.
300 ## - PHYSICAL DESCRIPTION
Extent xvii, 893 p. :
Other physical details col. ill. ;
Dimensions 26 cm.
504 ## - BIBLIOGRAPHY, ETC. NOTE
Bibliography, etc. note Includes bibliographical references and index.
650 #0 - SUBJECT ADDED ENTRY--TOPICAL TERM
Topical term or geographic name entry element Hospitality industry
General subdivision Marketing.
650 #0 - SUBJECT ADDED ENTRY--TOPICAL TERM
Topical term or geographic name entry element Tourism
General subdivision Marketing.
700 1# - ADDED ENTRY--PERSONAL NAME
Personal name Bowen, John
Fuller form of name (John T.),
Dates associated with a name 1948-
700 1# - ADDED ENTRY--PERSONAL NAME
Personal name Makens, James C.
906 ## - LOCAL DATA ELEMENT F, LDF (RLIN)
a 7
b cbc
c orignew
d 1
e ecip
f 20
g y-gencatlg
942 ## - ADDED ENTRY ELEMENTS (KOHA)
Source of classification or shelving scheme
Koha item type Book
Suppress in OPAC JE
Holdings
Withdrawn status Lost status Source of classification or shelving scheme Damaged status Not for loan Permanent Location Current Location Shelving location Date acquired Total Checkouts Full call number Barcode Date last seen Price effective from Koha item type Public note
          AU LIBRARY AU LIBRARY Open Shelf 30.06.2021   TX911.3 .M3 K68 2003 28002900 30.06.2021 30.06.2021 Book JE

Powered by Koha